000 00864nam a22002897a 4500
001 BR0903923
003 BR-BrBNA
005 20230928103051.0
007 ta
008 230509b bl.||||| |||| 00| 0 por d
040 _aBR-BrBNA
_bpor
_cBiblioteca Nacional de Agricultura
041 _a(Por)
072 _aF04
090 _ F04 BR0903923
110 1 _aLinha Inovadora para Agricultura, Brasília, DF (Brasil)
_96681
245 1 _aInsumo para agricultura orgânica, manejo de produção integrada PIF, PIF cítrico certificado confrome legislação internacional EC 2092//91
260 3 _aBrasília, DF (Brasil):
_c[nd].
300 _avp.
650 _aAGRICULTURA ORGÂNICA
650 _aINSUMO
650 _aROCHA
650 _aADUBAÇÃO
650 _aECOLOGIA
650 _aECOSSISTEMA
909 _a202309
_bLucia
_c55
_dLucia Elande
942 _cBK
999 _c73577
_d73577